000 00278nam a2200121Ia 4500
008 190216s9999||||xx |||||||||||||| ||und||
100 _aShivakumar
245 0 _aOne Act Plays Of Our Time
260 _bMacmillan
_c1977
300 _a131
650 _aEnglish Drama
942 _cBK
999 _c13019
_d13019